Cleopatra-The Lumineers Lyrics - Statistics

General Stats
  • This quiz has been taken 217 times
  • The average score is 249 of 299
Answer Stats
Answer % Correct
Cleopatra
100%
I
100%
was
100%
you
100%
a
99%
an
99%
and
99%
And
99%
my
99%
young
99%
for
98%
When
97%
when
97%
actress
96%
in
96%
love
96%
the
96%
life
95%
late
94%
of
94%
that
94%
this
93%
as
92%
be
92%
hand
92%
die
91%
on
91%
asked
90%
alone
88%
I’ll
87%
it
87%
With
87%
with
87%
time
86%
black
85%
mattress
85%
But
84%
but
84%
by
84%
casket
84%
dress
84%
no
83%
to
83%
father
81%
had
81%
me
81%
sad
79%
knelt
78%
laid
78%
your
76%
back
75%
plans
75%
I’d
72%
From
70%
from
70%
mistress
70%
have
69%
instant
69%
left
69%
marry
69%
wife
69%
around
68%
just
68%
would
68%
admit
67%
remind
67%
backseat
66%
must
66%
strangers
66%
carpet
64%
So
64%
so
64%
Damn
63%
distracts
63%
heart
63%
taxi
63%
traffic
63%
town
62%
church
61%
discouraged
60%
only
60%
drive
58%
footprints
58%
like
58%
did
57%
lord
57%
lust
54%
stained
54%
they
54%
within
53%
burned
52%
mud
52%
play
52%
all
51%
birth
51%
divorce
51%
It’s
50%
part
50%
were
50%
any
49%
flesh
49%
gifts
49%
gone
49%
hardened
49%
read
49%
script
49%
bed
48%
now
48%
Now
48%
thats
48%
bathroom
46%
held
46%
I’ve
46%
past
46%
wind
44%
costume
43%
rafters
43%
shoes
43%
white
43%
won’t
43%
than
42%
fits
41%
true
41%
While
41%
currency
40%
leads
40%
nurse
37%
taller
37%
place
36%
guestroom
34%
end
33%
Yes
32%
No matching quizzes found
Score Distribution
Percent of People with Each Score
Percentile by Number Answered
Your Score History
You have not taken this quiz